<?xml version="1.0" encoding="UTF-8"?>
<record
    xmlns:xsi="http://www.w3.org/2001/XMLSchema-instance"
    xsi:schemaLocation="http://www.loc.gov/MARC21/slim http://www.loc.gov/standards/marcxml/schema/MARC21slim.xsd"
    xmlns="http://www.loc.gov/MARC21/slim">

  <leader>00717nam a22001937a 4500</leader>
  <controlfield tag="005">20111220104152.0</controlfield>
  <datafield tag="020" ind1=" " ind2=" ">
    <subfield code="a">9788189020620</subfield>
    <subfield code="c">95.00</subfield>
  </datafield>
  <datafield tag="037" ind1=" " ind2=" ">
    <subfield code="b">PUB</subfield>
  </datafield>
  <datafield tag="245" ind1=" " ind2=" ">
    <subfield code="a">The dragonfly /</subfield>
    <subfield code="c">edited by Geeta Dharmarajan (and) Keerti Ramachandra </subfield>
  </datafield>
  <datafield tag="260" ind1=" " ind2=" ">
    <subfield code="a">New Delhi  </subfield>
    <subfield code="b">Katha </subfield>
    <subfield code="c">2006</subfield>
  </datafield>
  <datafield tag="270" ind1=" " ind2=" ">
    <subfield code="a">A3 Sarvodaya Enclave, Sri Aurobindo Marg, </subfield>
    <subfield code="b">New Delhi </subfield>
    <subfield code="e">110017</subfield>
  </datafield>
  <datafield tag="300" ind1=" " ind2=" ">
    <subfield code="a">170p. </subfield>
    <subfield code="b">ill. </subfield>
    <subfield code="c">18cm(pbk) </subfield>
  </datafield>
  <datafield tag="490" ind1=" " ind2=" ">
    <subfield code="a">Pocket plus series </subfield>
    <subfield code="9">37239</subfield>
  </datafield>
  <datafield tag="500" ind1=" " ind2=" ">
    <subfield code="a">unforgettable short fiction from some of India's master storytellers</subfield>
  </datafield>
  <datafield tag="700" ind1=" " ind2=" ">
    <subfield code="a"> Dharmarajan,Geeta</subfield>
    <subfield code="9">37225</subfield>
  </datafield>
  <datafield tag="700" ind1=" " ind2=" ">
    <subfield code="a">Ramachandra, Keerti</subfield>
    <subfield code="9">37226</subfield>
  </datafield>
  <datafield tag="942" ind1=" " ind2=" ">
    <subfield code="2">ddc</subfield>
    <subfield code="c">CH</subfield>
    <subfield code="m">DRA</subfield>
  </datafield>
  <datafield tag="999" ind1=" " ind2=" ">
    <subfield code="c">59677</subfield>
    <subfield code="d">59677</subfield>
  </datafield>
  <datafield tag="952" ind1=" " ind2=" ">
    <subfield code="0">0</subfield>
    <subfield code="1">0</subfield>
    <subfield code="4">0</subfield>
    <subfield code="7">-1</subfield>
    <subfield code="a">AG</subfield>
    <subfield code="b">AG</subfield>
    <subfield code="d">2011-12-20</subfield>
    <subfield code="g">95.00</subfield>
    <subfield code="l">0</subfield>
    <subfield code="o">DRA</subfield>
    <subfield code="r">2011-12-20 00:00:00</subfield>
    <subfield code="v">95.00</subfield>
    <subfield code="w">2011-12-20</subfield>
    <subfield code="y">CH</subfield>
  </datafield>
</record>
